Miasta powiatowe (woj. wielkopolskie) - Statystyki

Ogólne statystyki
  • Ten quiz został rozwiązany 211 razy
  • Średni wynik to 21 z 31
Statystyki odpowiedzi
Liczba ludności Miasto % Poprawnych
537 643 Poznań
100%
101 279 Kalisz
95%
73 693 Piła
93%
68 729 Gniezno
91%
74 472 Konin
91%
64 023 Leszno
88%
72 203 Ostrów WIelkopolski
80%
26 199 Jarocin
75%
29 757 Śrem
74%
30 424 Września
74%
22 135 Koło
73%
23 175 Środa Wielkopolska
71%
29 008 Krotoszyn
69%
27 176 Turek
68%
18 259 Oborniki
65%
25 589 Wągrowiec
63%
18 447 Złotów
63%
23 917 Kościan
61%
18 793 Chodzież
60%
20 201 Gostyń
59%
14 635 Grodzisk Wielkopolski
59%
14 640 Nowy Tomyśl
59%
20 344 Rawicz
59%
10 756 Czarnków
58%
17 362 Pleszew
58%
18 822 Szamotuły
58%
13 284 Wolsztyn
58%
10 629 Międzychód
54%
14 129 Kępno
53%
13 832 Słupca
53%
14 271 Ostrzeszów
50%
Nie znaleziono quizów pasujących do podanych kryteriów
Rozkład punktacji
Procent ludzi z każdym wynikiem
Percentyl według liczby udzielonych odpowiedzi
Twoja historia wyników
Nie rozwiązałeś tego quizu